000 00607nam a2200241Ia 4500
003 OSt
005 20221005114925.0
006 a|||||r|||| 00| 0
007 ta
008 221004b |||||||| |||| 00| 0 tam d
024 _a46753
037 _cTextual
040 _aCRL
_cCRL
_btam
041 _2tam
_atam
082 _aO31,1M82:g, K31
100 _aChelvarajan
_9626765
245 0 _aBharathiyin param poratpathai
260 _c1963
300 _a160p.
_ccm.
650 _aTAMIL LITERATURE
942 _hO31,1M82:g, K31
_cTEXL
_2cc
999 _c1032817
_d1032817